000 00231nam a2200097Ia 4500
008 201210s9999 xx 000 0 und d
100 _aBranch, Allan
245 0 _aElements of Shipping
260 _aUSA
_bChapman and Hall,
942 _cBK
999 _c5525
_d5525